000 00491nas a22001937a 4500
999 _c168241
_d168241
001 dpl
005 20190930114143.0
008 190930b ||||| |||| 00| 0 eng d
022 _a2516-5934
040 _beng
245 0 0 _aJournal of micromanufacturing
260 _aNew Delhi :
_bSage Publications,
_c2019-
300 _av. :
_bill. ;
_c28 cm.
310 _abi-annually
590 _aSERBIB/SERLOC merged record
651 0 _vPeriodicals.
906 _cserials
942 _2ddc
_cSR
_s1